000
00288nam a22001217a 4500
082
_a
332.45 COH
100
_a
Cohen, Benjamin J.
245
_a
Organizing the worlds money
260
_a
London
_b
Basic books
_c
1977
300
_a
x, 310p.
_b
ill 22cm.
500
_a
Include index
942
_c
BK
999
_c
14910
_d
14910